00905cam a2200265 a 45000010008000000030005000080050017000130080041000300100017000710200036000880200035001240400018001590500019001770820014001961000025002102450105002352600056003403000033003964400054004295040064004836500021005476500027005686500026005957000018006213527107Nust20180117090024.0961108s1997 ctua b 001 0 eng  a 96048066  a1565490711 (cloth : alk. paper) a1565490703 (pbk. : alk. paper) aDLCcDLCdDLC00aH97b.T87 199700a338.92211 aTurner, Mark,d1949-10aGovernance, administration, and development :bmaking the state work /cMark Turner and David Hulme. aWest Hartford, Conn., USA :bKumarian Press,c1997. axv, 272 p. :bill. ;c23 cm. 0aKumarian Press books on international development aIncludes bibliographical references (p. 242-259) and index. 0aPolicy sciences. 0aPublic administration. 0aEconomic development.1 aHulme, David.